000
00276nam a22001217a 4500
082
_a
920
_b
WAS/U
100
_a
WASHINGTON,BOOKER TALIAFERRO
245
_a
UP FROM SLAVERY
260
_a
NEWDELHI
_b
MAPLE PRESS
300
_a
224
650
_a
AUTOBIOGRAPHY
_z
NEW DELHI
942
_c
BK
999
_c
5743
_d
5743